Responses for show #5735 - Friday, July 10, 2009

Contestants

Kathleen O'Day, a home decor product manager from Oakdale, Minnesota

Peter Wiscombe, a computer engineer from High Point, North Carolina

Alyssa McRae, a gift card production designer from Philadelphia, Pennsylvania (whose 3-day cash winnings total $50,402)

Jeopardy! Round responses

BALLET
THE NIFTY 1930s
YOU NEED A DRINK
ZIP IT!
THE BRITISH PRIME MINISTER WHEN
DOUBLE DOUBLE "O"
    $200 16
Othello

Peter
    $200 21
(Alex: [*]--"Say Hey"--yes.)

Willie Mays

Alyssa
    $200 1
egg nog

Peter
    $200 6
(Alyssa: What is a ZIP code?)
...
(Alex: Yes, we're giving you the zip code.)

Fargo

AlyssaPeter
    $200 23
Tony Blair

Alyssa
    $200 11
moo goo gai pan

Peter
    $400 17
Soldier

Peter
    $400 22
(Alyssa: What is Best Picture?)
(Kathleen: What is Best Foreign Film?)
...
(Alex: It was the [*]--Fred Astaire and Ginger Rogers.)

Best Song

AlyssaKathleen
Triple Stumper
    $400 2
Pepsi

Kathleen
    $400 7
Anchorage

Peter
    $400 24
Margaret Thatcher

Peter
    $400 12
(Peter: What is Ovaltine?)

Yoo-hoo

AlyssaPeter
    $600 18
"Red River Valley"

Kathleen
    $600 28
(Peter: Who is Jimmy Durante?)
...
(Alex: [*]--"Ski Nose", yes.)

Bob Hope

PeterKathleen
    $600 3
(Alex: [Chuckles] Yeah. I can't imagine some poor guy swinging, and bang! "Okay, I christen you.")

champagne

Peter
    $600 8
Tombstone

Peter
    $600 25
Churchill

Alyssa
    $600 13
voodoo

Peter
    $800 19
Petit

Alyssa
    $800 29
(Alex: You are right. And that means that the last clue is yours, and it is... the Daily Double. And how often has that occurred this week? I think three times now.)

LaGuardia

Peter
    $800 4
sake

Alyssa
    $800 9
(Alex: Oh, [*] sound!)

Bakersfield

Triple Stumper
    $800 26
Neville Chamberlain

Peter
    $800 14
a cookbook

Triple Stumper
    $1000 20
Toes

Triple Stumper
    $2,600 30
(Peter: What is And Then There Were None?)

Death on the Nile

Peter
    $1000 5
(Kathleen: What are the skins?)

the skins & the seeds

PeterKathleen
    $1000 10
Eugene

Peter
    $1000 27
Benjamin Disraeli

Peter
    $1000 15
foolproof

Peter

Scores at the first commercial break (after clue 15):

Alyssa Peter Kathleen
$1,000 $5,400 -$600

Scores at the end of the Jeopardy! Round:

Alyssa Peter Kathleen
$2,400 $5,800 $200

Double Jeopardy! Round responses

NOVEL-TIES
SUNDAY NIGHT TV
FAMOUS TRIALS
GOULASH
LET'S GO FOR A "SPIN"
AROUND THE MEDITERRANEAN
    $400 11
Huckleberry Finn

Peter
    $400 1
Lois & Clark

Peter
    $400 6
Lizzie Borden

Alyssa
    $400 16
Dodge City

Peter
    $400 21
a spin-off

Kathleen
    $400 26
(Kathleen: What is Corsica?)

Sardinia

PeterKathleen
    $800 12
Pride and Prejudice

Kathleen
    $800 2
Kojak

Peter
    $800 7
John Brown

Peter
    $800 17
flotsam

Peter
    $800 22
spin the bottle

Alyssa
    $800 27
(Peter: What is... Syria?)
(Alyssa: What is Israel?)

Lebanon

AlyssaPeterKathleen
    $1200 13
Zane Grey

Peter
    $1200 3
Alfred Hitchcock

Alyssa
    $1200 8
Patricia Hearst

Peter
    $1200 18
West Virginia

Peter
    $1200 23
a spinster

Alyssa
    $1200 28
the Gaza Strip

Kathleen
    $1600 14
Patricia Cornwell

Triple Stumper
    $1600 4
Touched by an Angel

Alyssa
    $1,000 9
Galileo

Peter
    $1600 19
Saint George

Triple Stumper
    $1600 24
a spinout

Peter
    $1,000 29
(Kathleen: What is Macedonia?)

Albania

Kathleen
    $2000 15
Less than Zero

Alyssa
    $2000 5
Dennis the Menace

Alyssa
    $2000 10
Nuremberg

Peter
    $2000 20
Baccarat

Triple Stumper
    $2000 25
a spinnaker

Peter
    $2000 30
Malta

Triple Stumper

Scores at the end of the Double Jeopardy! Round:

Alyssa Peter Kathleen
$10,800 $19,200 $2,000

[wagering suggestions for these scores]

Final Jeopardy! Round responses

THE CALENDAR
(Alex: You get to play again, but in a little over a week from now, because on Monday, Jeopardy! comes back with our annual kids tournament. Join us for that. It'll be fun. So long, everybody.)
KathleenWhat is election day.
$1,998
AlyssaWhat is Thanksgiving?
$6,799
PeterWhat is Thanksgiving
$2,401
Election Day

Final scores:

Alyssa Peter Kathleen
$4,001 $16,799 $3,998
2nd place: $2,000 New champion: $16,799 3rd place: $1,000

Game dynamics:

Coryat scores:

Alyssa Peter Kathleen
$10,800 $22,400 $3,000
13 R,
3 W
30 R
(including 1 DD),
4 W
(including 1 DD)
7 R,
4 W
(including 1 DD)

Combined Coryat: $36,200

The J! Archive is created by fans, for fans. The Jeopardy! game show and all elements thereof, including but not limited to copyright and trademark thereto, are the property of Jeopardy Productions, Inc. and are protected under law. This website is not affiliated with, sponsored by, or operated by Jeopardy Productions, Inc. Join the discussion at JBoard.tv.